| 000 | 00641cas a22002175a 4500 | ||
|---|---|---|---|
| 001 | L435 | ||
| 008 | 070711c1996 xxkfr p 0 a0eng | ||
| 022 | 1 | _a1362-7376 | |
| 035 | _a(Sirsi) u99049 | ||
| 041 | 0 | _aeng | |
| 110 | 2 |
_aRural Design and Building Association _934 |
|
| 245 | 0 | 0 | _aRural Design and Building |
| 260 |
_aNewport _bRural Design and Building Association _c1996- |
||
| 362 | 0 | _a1 Spring 1996-Spring/Summer 1999 | |
| 554 | _aTwo per year | ||
| 651 | 4 |
_aUnited Kingdom _y |
|
| 690 | _aENVIRONMENTAL AND LAND CONSULTANCY-AGRIBUSINESS | ||
| 780 | 0 | 0 | _tFarm Buildings and Engineering |
| 942 | _n0 | ||
| 948 | _c30/04/1996 | ||
| 999 |
_c118632 _d118632 |
||